|
|
|
|
| LEADER |
00000naa0a2200000 4500 |
| 001 |
599133 |
| 005 |
20250417154536.0 |
| 035 |
|
|
|a (RuTPU)RU\TPU\tpu\22993
|
| 035 |
|
|
|a RU\TPU\tpu\19981
|
| 090 |
|
|
|a 599133
|
| 100 |
|
|
|a 20130401d1973 k||y0rusy50 ba
|
| 101 |
0 |
|
|a eng
|
| 102 |
|
|
|a RU
|
| 200 |
1 |
|
|a Radiation loop with activity generator made of flat tubular elements: IRT reactor of the Tomsk Polytechnic Institute
|f E. P. Gefsimanskii [et al.]
|
| 333 |
|
|
|a В фонде НТБ ТПУ отсутствует
|
| 461 |
|
|
|t Atomic Energy
|
| 463 |
|
|
|t Vol. 35, № 6
|v P. 1132-1134
|d 1973
|
| 610 |
1 |
|
|a труды учёных ТПУ
|
| 701 |
|
1 |
|a Gefsimanskii
|b E. P.
|
| 701 |
|
1 |
|a Kuznetsov
|b S. A.
|
| 701 |
|
1 |
|a Kulagin
|b Yu. G.
|
| 701 |
|
1 |
|a Sakharov
|b E. S.
|
| 701 |
|
1 |
|a Skorikov
|b A. G.
|
| 701 |
|
1 |
|a Chuchalin
|b I. P.
|c physicist
|c Rector of Tomsk Polytechnic University, 1981-1990
|c Rector of Tomsk Institute of Automated Control Systems and Radioelectronics, 1972-1981
|f 1925-
|g Ivan Petrovich
|3 (RuTPU)RU\TPU\pers\30579
|9 14873
|
| 801 |
|
1 |
|a RU
|b 63413507
|c 20110909
|
| 801 |
|
2 |
|a RU
|b 63413507
|c 20130401
|g RCR
|
| 850 |
|
|
|a 63413507
|
| 942 |
|
|
|c CR
|